Statystyki dla Polskie tablice rejestracyjne

Kliknij tutaj aby rozwiązać quiz!

Ogólne statystyki

  • Ten quiz został rozwiązany 132 razy
  • Średni wynik to 9 z 28

Statystyki odpowiedzi

Numery Miasto/powiat % poprawnych
LUBLublin (powiat lubelski)
80%
BAUAugustów (powiat augustowski)
68%
NILIława (powiat iławski)
59%
SBBielsko-Biała (miasto)
48%
DJJelenia Góra (miasto)
45%
HPAPolicja
42%
KOSOświęcim (powiat oświęcimski)
41%
ERARadomsko (powiat radomszczański)
41%
KTTZakopane (powiat tatrzański)
39%
NOSOstróda (powiat ostródzki)
39%
WPPłock (miasto)
38%
GLELębork (powiat lęborski)
36%
WOSOstrołęka (powiat ostrołęcki)
36%
OKKędzierzyn-Koźle (powiat kędzierzyńsko-kozielski)
31%
UAWojsko polskie
31%
CRYRypin (powiat rypiński)
31%
SZAZawiercie (powiat zawierciański)
29%
CALAleksandrów Kujawski (powiat aleksandrowski)
29%
ONANamysłów (powiat namysłowski)
29%
TOPOpatów (powiat opatowski)
26%
ELAŁask (powiat łaski)
19%
RBIUstrzyki Dolne (powiat bieszczadzki)
19%
LKSKrasnystaw (powiat krasnostawski)
18%
FZAŻary (powiat żarski)
17%
DSTStrzelin (powiat strzeliński)
15%
POTOstrzeszów (powiat ostrzeszowski)
15%
PSLSłupca (powiat słupecki)
14%
ZLOŁobez (powiat łobeski)
14%

Rozkład punktacji

Percentyl według liczby udzielonych odpowiedzi

Procent ludzi z każdym wynikiem

Twoja historia wyników

Nie rozwiązałeś tego quizu